عرض عادي
عرض مارك
- Strelkauskas, Jennifer.
مدخل إسم شخص
001 - رقم الضبط
- حقل الضبط: 40588
003 - معرف رقم الضبط
- حقل الضبط: OSt
005 - تاريخ ووقت أخر عملية
- حقل الضبط: 20131118181900.0
008 - عناصر بيانات ثابتة الطول
- حقل تحكم ثابت الطول: 131118|||a|||||| | ||| d
040 ## - مصدر الفهرسة
- هيئة الفهرسة الأصلية: OSt
- وكالة الكتابة: OSt
100 ## - مدخل -- أسم شخص
- إسم شخص: Strelkauskas, Jennifer.
670 ## - بيانات المصدر موجوده
- الاستشهاد بالمصدر: Work cat.: (OSt)0: Strelkauskas, Anthony J., 1944- 40586, Microbiology :, c2010.
